000 00644nas a2200217 4500
001 BR9601109
003 BR-BrBNA
005 20231205095702.0
007 ta
008 230509b bl.|||p| |||| 00| 00por d
040 _aBR-BrBNA
_bpor
_cBiblioteca Nacional de Agricultura
041 _a(Pt)
072 _aP33
100 1 _aTesta, V.M.
245 1 _aReserva de nutrientes do solo e a materia organica
650 _aAnalise do Solo
650 _aMateria Organica
773 0 _tAgropecuaria Catarinense (Brazil)
_xISSN 0103-0779
_g(Sep 1992), v. 5(3) p. 19-21
_wBR9601109
909 _a202311
_bLúcia
_c55
_dLúcia Elande
942 _2AGRIS
_n0
_cANA
999 _c152130
_d152130